[Event "European Club Cup 2006"]
[Site "Fuegen AUT"]
[Date "2006.10.08"]
[Round "1.41"]
[White "Bromann, Thorbjorn"]
[Black "Zhang, Pengxiang"]
[Result "1/2-1/2"]
[WhiteElo "2379"]
[BlackElo "2636"]
[PlyCount "69"]
[EventDate "2006.10.08"]
[EventType "team"]
[EventRounds "7"]
[EventCountry "AUT"]
[Source "lmi"]
[SourceDate "2006.10.08"]

1. c4 Nf6 2. g3 e6 3. Bg2 d5 4. Nf3 d4 5. d3 Nc6 6. O-O e5 7. b4 Nxb4 8. Nxe5
Bd6 9. Qa4+ Nd7 10. a3 Na6 11. Nf3 O-O 12. Bb2 c5 13. Nbd2 Nc7 14. e3 Ne5 15.
Qc2 dxe3 16. fxe3 Nxf3+ 17. Nxf3 Re8 18. Rae1 Rb8 19. Kh1 Bg4 20. Qf2 Be6 21.
Rc1 b5 22. cxb5 Rxb5 23. Ne5 f6 24. Nc6 Qd7 25. d4 Bd5 26. dxc5 Qxc6 27. cxd6
Bxg2+ 28. Kg1 Qa8 29. Rxc7 Rxb2 30. Rxg7+ Kxg7 31. Qxf6+ Kg8 32. Qf7+ Kh8 33.
Qf6+ Kg8 34. Qg5+ Kh8 35. Qf6+ 1/2-1/2

[Event "European Club Cup 2006"]
[Site "Fuegen AUT"]
[Date "2006.10.08"]
[Round "1.42"]
[White "Bauer, Christian"]
[Black "Brinck Claussen, Bjorn"]
[Result "1-0"]
[WhiteElo "2589"]
[BlackElo "2361"]
[PlyCount "81"]
[EventDate "2006.10.08"]
[EventType "team"]
[EventRounds "7"]
[EventCountry "AUT"]
[Source "lmi"]
[SourceDate "2006.10.08"]

1. e4 e6 2. d3 d5 3. Qe2 Nf6 4. Nf3 Be7 5. g3 c5 6. e5 Nfd7 7. c4 d4 8. Bg2 Nc6
9. h4 h6 10. Bf4 a6 11. Nbd2 Qc7 12. Ne4 Ndxe5 13. Nxe5 Nxe5 14. O-O O-O 15.
Rfe1 f6 16. Qh5 Bd7 17. Nxf6+ Bxf6 18. Bxe5 Bxe5 19. Rxe5 Rac8 20. Rae1 Rf6 21.
Bh3 Qd6 22. Qe2 Kf7 23. f4 b5 24. b3 bxc4 25. bxc4 Qb6 26. f5 Rc6 27. g4 exf5
28. g5 hxg5 29. hxg5 Rg6 30. Qh5 Qd8 31. Bg2 Qxg5 32. Qxg5 Rxg5 33. Re7+ Kf6
34. Rxd7 Rb6 35. Rf1 Rb2 36. Rf2 Rb1+ 37. Kh2 Rd1 38. Rd6+ Ke7 39. Rxa6 Rxd3
40. Rb2 Re3 41. Bd5 1-0

[Event "European Club Cup 2006"]
[Site "Fuegen AUT"]
[Date "2006.10.08"]
[Round "1.43"]
[White "Carstensen, Jacob"]
[Black "Hamdouchi, Hichem"]
[Result "0-1"]
[WhiteElo "2307"]
[BlackElo "2582"]
[PlyCount "54"]
[EventDate "2006.10.08"]
[EventType "team"]
[EventRounds "7"]
[EventCountry "AUT"]
[Source "lmi"]
[SourceDate "2006.10.08"]

1. d4 d5 2. c4 c6 3. Nc3 Nf6 4. cxd5 cxd5 5. Nf3 Nc6 6. Bf4 Nh5 7. Bg3 Nxg3 8.
hxg3 e6 9. e3 Bd6 10. Bd3 g6 11. Rc1 Kf8 12. a3 Rg8 13. Qd2 h6 14. O-O f5 15.
Bb5 Na5 16. Rb1 Bd7 17. b4 Bxb5 18. Nxb5 Nc4 19. Qd3 Be7 20. a4 a6 21. Nc3 h5
22. a5 g5 23. Na4 g4 24. Nd2 Nxd2 25. Qxd2 h4 26. Nc5 Kg7 27. gxh4 Bxc5 0-1

[Event "European Club Cup 2006"]
[Site "Fuegen AUT"]
[Date "2006.10.08"]
[Round "1.44"]
[White "Argandona Rivero, Inigo"]
[Black "Aabling Thomsen, Jakob"]
[Result "1-0"]
[WhiteElo "2396"]
[BlackElo "2276"]
[PlyCount "103"]
[EventDate "2006.10.08"]
[EventType "team"]
[EventRounds "7"]
[EventCountry "AUT"]
[Source "lmi"]
[SourceDate "2006.10.08"]

1. d4 g6 2. e4 Bg7 3. c4 d6 4. Nc3 e5 5. dxe5 dxe5 6. Qxd8+ Kxd8 7. Be3 Be6 8.
Nf3 h6 9. Be2 Ne7 10. O-O Nbc6 11. Rfd1+ Kc8 12. Nd5 f5 13. Bc5 Re8 14. Nd2 Ng8
15. f3 Nd4 16. Bd3 c6 17. Bxd4 cxd5 18. cxd5 Bxd5 19. Rac1+ Bc6 20. Bc5 Rd8 21.
Bc4 Kc7 22. Bf7 Nf6 23. Nc4 Bf8 24. Bxf8 Rxd1+ 25. Rxd1 Rxf8 26. Bxg6 fxe4 27.
fxe4 Nxe4 28. Nxe5 Rf6 29. Bxe4 Bxe4 30. Rd7+ Kc8 31. Rd4 Bh7 32. Rc4+ Kd8 33.
Rh4 Bg8 34. a3 Be6 35. h3 Rf5 36. Ng4 h5 37. Ne3 Rc5 38. Kf2 Bf7 39. Rf4 Be8
40. Rd4+ Ke7 41. Rc4 Rb5 42. b4 Bc6 43. a4 Re5 44. b5 Bd7 45. Rc7 Re4 46. Nd5+
Ke6 47. Rxd7 Rxa4 48. Rd8 Ra2+ 49. Kg3 Rb2 50. Nf4+ Kf5 51. Rd5+ Ke4 52. Rxh5
1-0

[Event "European Club Cup 2006"]
[Site "Fuegen AUT"]
[Date "2006.10.08"]
[Round "1.45"]
[White "Petersen, Steen"]
[Black "Gonzalez De La Torre, Sant"]
[Result "1/2-1/2"]
[WhiteElo "2147"]
[BlackElo "2357"]
[PlyCount "78"]
[EventDate "2006.10.08"]
[EventType "team"]
[EventRounds "7"]
[EventCountry "AUT"]
[Source "lmi"]
[SourceDate "2006.10.08"]

1. e4 c5 2. Nf3 e6 3. d3 Nc6 4. Nbd2 d6 5. g3 g6 6. Bg2 Bg7 7. O-O Nge7 8. Re1
O-O 9. Nf1 h6 10. h4 e5 11. Be3 f5 12. Qc1 Kh7 13. c3 Be6 14. h5 Qd7 15. hxg6+
Nxg6 16. exf5 Rxf5 17. Qd2 Qf7 18. N3h2 Rg8 19. Qe2 Bf8 20. a3 d5 21. b4 d4 22.
cxd4 Nxd4 23. Bxd4 cxd4 24. Rac1 Kh8 25. Nd2 Bd5 26. Ne4 Bxe4 27. Qxe4 Rxf2 28.
Rf1 Rxf1+ 29. Rxf1 Qd7 30. Ng4 Qb5 31. Rf6 Qe8 32. Qxb7 h5 33. Rf5 Nf4 34. Nxe5
Ne2+ 35. Kf2 Rxg3 36. Kxe2 Re3+ 37. Kf2 Rxe5 38. Rxe5 Qxe5 39. Qe4 Qxe4 1/2-1/2

[Event "European Club Cup 2006"]
[Site "Fuegen AUT"]
[Date "2006.10.08"]
[Round "1.46"]
[White "Sahl, Bjarke"]
[Black "Georgiev, Kiril"]
[Result "0-1"]
[WhiteElo "2389"]
[BlackElo "2680"]
[PlyCount "54"]
[EventDate "2006.10.08"]
[EventType "team"]
[EventRounds "7"]
[EventCountry "AUT"]
[Source "lmi"]
[SourceDate "2006.10.08"]

1. e4 c5 2. Nf3 d6 3. d4 cxd4 4. Nxd4 Nf6 5. Nc3 a6 6. Bg5 e6 7. f4 Qb6 8. Qd2
Qxb2 9. Nb3 Qa3 10. Be2 Be7 11. O-O Nc6 12. Bf3 O-O 13. Kh1 Rd8 14. Rae1 h6 15.
Bh4 d5 16. Bxf6 dxe4 17. Bxe7 Qxe7 18. Qe3 exf3 19. Rxf3 Qc7 20. Qf2 Bd7 21.
Qh4 Be8 22. Rg3 Ne7 23. Rh3 Ng6 24. Qf2 Qxf4 25. Rf3 Qh4 26. Rg3 Rac8 27. Rf1
Rxc3 0-1

[Event "European Club Cup 2006"]
[Site "Fuegen AUT"]
[Date "2006.10.08"]
[Round "1.47"]
[White "Delchev, Aleksander"]
[Black "Tisdall, Jonathan"]
[Result "1/2-1/2"]
[WhiteElo "2628"]
[BlackElo "2448"]
[PlyCount "75"]
[EventDate "2006.10.08"]
[EventType "team"]
[EventRounds "7"]
[EventCountry "AUT"]
[Source "lmi"]
[SourceDate "2006.10.08"]

1. e4 e5 2. Bc4 Nf6 3. d3 Nc6 4. Nf3 Be7 5. O-O O-O 6. Re1 d6 7. a4 a5 8. Nbd2
Nd7 9. Nf1 Nb6 10. Bb3 Bf6 11. c3 g6 12. h3 Bg7 13. d4 h6 14. Be3 exd4 15. Nxd4
Nd7 16. f4 Nf6 17. Ng3 Re8 18. Qc2 Nxd4 19. Bxd4 Be6 20. Bxe6 Rxe6 21. Rad1 Qe8
22. f5 Re7 23. Qf2 Nxe4 24. Rxe4 Rxe4 25. Bxg7 Kxg7 26. Nxe4 Qxe4 27. fxg6 Qxg6
28. Rd4 Kh7 29. Rf4 Rf8 30. Rf6 Qh5 31. Rf5 Qd1+ 32. Kh2 Qxa4 33. Rxf7+ Rxf7
34. Qxf7+ Kh8 35. Qf6+ Kh7 36. Qe7+ Kg6 37. Qe6+ Kg7 38. Qe7+ 1/2-1/2

[Event "European Club Cup 2006"]
[Site "Fuegen AUT"]
[Date "2006.10.08"]
[Round "1.48"]
[White "Ekeberg, Carl Fredrik"]
[Black "Kozul, Zdenko"]
[Result "1/2-1/2"]
[WhiteElo "2334"]
[BlackElo "2589"]
[PlyCount "160"]
[EventDate "2006.10.08"]
[EventType "team"]
[EventRounds "7"]
[EventCountry "AUT"]
[Source "lmi"]
[SourceDate "2006.10.08"]

1. Nf3 Nf6 2. c4 g6 3. d4 Bg7 4. g3 d5 5. cxd5 Nxd5 6. Bg2 Nb6 7. Nc3 Nc6 8. e3
O-O 9. O-O Re8 10. d5 Na5 11. Nd4 Bd7 12. Nb3 Nxb3 13. Qxb3 c6 14. e4 cxd5 15.
exd5 Qc8 16. Re1 Bh3 17. Bh1 Nc4 18. Bf4 Nd6 19. Be5 Qc4 20. Qxc4 Nxc4 21. Bxg7
Kxg7 22. Nb5 Rab8 23. b3 Nd6 24. Nd4 Rbc8 25. Rac1 Red8 26. f4 Rxc1 27. Rxc1
Ne8 28. Ne2 Rd7 29. Bf3 h5 30. Nc3 Nf6 31. Kf2 b6 32. b4 e6 33. dxe6 Bxe6 34.
Ke3 Ng4+ 35. Bxg4 hxg4 36. a3 Bf5 37. Rd1 Re7+ 38. Kf2 Rc7 39. Rc1 Rc8 40. Ne2
Rh8 41. Kg1 Rd8 42. Kf2 Rd2 43. Ke1 Ra2 44. Rc3 Be6 45. Kf2 a5 46. bxa5 bxa5
47. Ke3 a4 48. Nd4 Bd7 49. Nc2 Bf5 50. Nd4 Rxh2 51. Nxf5+ gxf5 52. Kd4 Re2 53.
Re3 Rf2 54. Ke5 Rf3 55. Kd4 Kf6 56. Kd3 Rf1 57. Kc4 Rb1 58. Kc5 Rb2 59. Kc4 Rb6
60. Kc5 Ra6 61. Kd5 Kg7 62. Re2 Rh6 63. Re1 Rb6 64. Re3 Kg6 65. Rc3 Kh7 66. Ke5
Kg6 67. Kd5 Rb8 68. Re3 Kg7 69. Kc5 Rb7 70. Kc4 Rb6 71. Kd5 Kf8 72. Kc5 Rb8 73.
Kd5 Rd8+ 74. Kc5 Kg7 75. Kc4 Rd6 76. Kb5 Rd4 77. Kc5 Re4 78. Rd3 Kf6 79. Kb5
Ke6 80. Ka5 Ke7 1/2-1/2

[Event "European Club Cup 2006"]
[Site "Fuegen AUT"]
[Date "2006.10.08"]
[Round "1.49"]
[White "Nedev, Trajce"]
[Black "Aulin Jansson, Joran"]
[Result "1-0"]
[WhiteElo "2518"]
[BlackElo "2221"]
[PlyCount "67"]
[EventDate "2006.10.08"]
[EventType "team"]
[EventRounds "7"]
[EventCountry "AUT"]
[Source "lmi"]
[SourceDate "2006.10.08"]

1. e4 c5 2. Nf3 d6 3. d4 cxd4 4. Nxd4 Nf6 5. Nc3 a6 6. Be3 e5 7. Nb3 Be6 8. f3
Be7 9. Qd2 O-O 10. O-O-O a5 11. Bb5 Nbd7 12. Qf2 Qc7 13. g4 Rfc8 14. Kb1 Bc4
15. g5 Ne8 16. Bxc4 Qxc4 17. Nd5 Bd8 18. Rc1 Nc7 19. Nd2 Qa6 20. Rhf1 Nxd5 21.
exd5 a4 22. Ne4 f5 23. gxf6 Nxf6 24. Qg2 Nxe4 25. fxe4 Bb6 26. Bh6 Rc7 27. Rf3
Re8 28. Rcf1 Rec8 29. Rf7 Rxf7 30. Rxf7 Kxf7 31. Qxg7+ Ke8 32. Qf8+ Kd7 33.
Qf7+ Kd8 34. Bg5# 1-0

[Event "European Club Cup 2006"]
[Site "Fuegen AUT"]
[Date "2006.10.08"]
[Round "1.50"]
[White "Sahl, Sheila Barth"]
[Black "Stanojoski, Zvonko"]
[Result "0-1"]
[WhiteElo "2192"]
[BlackElo "2488"]
[PlyCount "118"]
[EventDate "2006.10.08"]
[EventType "team"]
[EventRounds "7"]
[EventCountry "AUT"]
[Source "lmi"]
[SourceDate "2006.10.08"]

1. e4 c5 2. Nf3 Nc6 3. d4 cxd4 4. Nxd4 g6 5. f4 Bg7 6. Nf3 Qb6 7. Nc3 Bxc3+ 8.
bxc3 Nf6 9. Bd3 d5 10. exd5 Nxd5 11. Bd2 Bg4 12. h3 Bxf3 13. Qxf3 O-O-O 14. Qf2
Qb2 15. O-O Nxc3 16. f5 Nd5 17. fxg6 fxg6 18. Qe2 Qe5 19. Qg4+ Rd7 20. Rae1
Qd4+ 21. Qxd4 Nxd4 22. Bh6 e6 23. g4 Re8 24. Be4 Nc3 25. a3 Nxe4 26. Rxe4 e5
27. Be3 Nc6 28. Rb1 Rf8 29. Kg2 a6 30. h4 Rd5 31. h5 gxh5 32. gxh5 Rf5 33. h6
Ne7 34. Rb6 Nc6 35. Rg4 Rf7 36. Rb1 Rdd7 37. Rg8+ Kc7 38. Bb6+ Kd6 39. Re8 Rde7
40. Rd1+ Ke6 41. Rg8 Rd7 42. Re8+ Rfe7 43. Rxd7 Kxd7 44. Rf8 Ke6 45. Be3 Rf7
46. Rg8 Ne7 47. Re8 Kd5 48. Bc1 Nf5 49. Bb2 Re7 50. Rd8+ Ke4 51. Bc1 Rc7 52.
Bg5 Rc6 53. Kf1 Rg6 54. Bd2 Rd6 55. Rxd6 Nxd6 56. Ke2 Nb5 57. Bb4 Nd4+ 58. Kd2
Nf5 59. Bf8 Kf3 0-1

[Event "European Club Cup 2006"]
[Site "Fuegen AUT"]
[Date "2006.10.08"]
[Round "1.51"]
[White "Colovic, Aleksandar"]
[Black "Hammerstad, Asmund"]
[Result "1-0"]
[WhiteElo "2459"]
[BlackElo "2223"]
[PlyCount "131"]
[EventDate "2006.10.08"]
[EventType "team"]
[EventRounds "7"]
[EventCountry "AUT"]
[Source "lmi"]
[SourceDate "2006.10.08"]

1. e4 e6 2. d4 d5 3. Nc3 Bb4 4. e5 c5 5. a3 Bxc3+ 6. bxc3 Qc7 7. Nf3 b6 8. a4
Ba6 9. Bxa6 Nxa6 10. Qd3 Nb8 11. O-O Ne7 12. a5 c4 13. Qd2 b5 14. Ba3 h6 15.
Bd6 Qd8 16. a6 Nc8 17. Bc5 Nd7 18. Bb4 Qb6 19. Qf4 Nb8 20. Qh4 Qc6 21. Qg3 Rg8
22. Nh4 Nxa6 23. Ba3 Ne7 24. f4 g6 25. Qh3 h5 26. Nf3 Nf5 27. Ng5 b4 28. Bxb4
Nxb4 29. cxb4 Nxd4 30. Nh7 Rh8 31. Nf6+ Kf8 32. c3 Nf5 33. g4 Ng7 34. Qh4 Ne8
35. f5 gxf5 36. gxf5 Nxf6 37. Qxf6 Rg8+ 38. Kf2 d4 39. Rg1 Rg4 40. Rxg4 hxg4
41. fxe6 Qf3+ 42. Qxf3 gxf3 43. cxd4 fxe6 44. Kxf3 Rb8 45. Rxa7 Rxb4 46. Rc7
Rb3+ 47. Kg4 Rb2 48. h4 Rg2+ 49. Kf4 c3 50. Rxc3 Rd2 51. Rc8+ Kg7 52. Rd8 Rd1
53. Kg5 Rg1+ 54. Kh5 Kf7 55. Rd7+ Ke8 56. Rd6 Ke7 57. Kh6 Rg8 58. h5 Rg1 59.
Kh7 Rg4 60. h6 Rg1 61. Ra6 Rg4 62. Ra7+ Kf8 63. Rd7 Ke8 64. Rg7 Rxd4 65. Kg8
Rf4 66. Rg5 1-0

[Event "European Club Cup 2006"]
[Site "Fuegen AUT"]
[Date "2006.10.08"]
[Round "1.52"]
[White "Maki Uuro, Miikka"]
[Black "Huzman, Alexander"]
[Result "1/2-1/2"]
[WhiteElo "2392"]
[BlackElo "2585"]
[PlyCount "38"]
[EventDate "2006.10.08"]
[EventType "team"]
[EventRounds "7"]
[EventCountry "AUT"]
[Source "lmi"]
[SourceDate "2006.10.08"]

1. Nf3 Nf6 2. c4 c6 3. Nc3 d5 4. cxd5 cxd5 5. d4 Nc6 6. Bf4 Bf5 7. e3 e6 8. Bd3
Bxd3 9. Qxd3 Be7 10. Bg5 O-O 11. O-O Nd7 12. Bxe7 Qxe7 13. Na4 Rfc8 14. Rfc1
Qb4 15. Qb3 Qxb3 16. axb3 Nb4 17. Ne1 Kf8 18. Kf1 Ke7 19. Ke2 Kd6 1/2-1/2

[Event "European Club Cup 2006"]
[Site "Fuegen AUT"]
[Date "2006.10.08"]
[Round "1.54"]
[White "Hentunen, Asko"]
[Black "Golod, Vitali"]
[Result "0-1"]
[WhiteElo "2336"]
[BlackElo "2582"]
[PlyCount "34"]
[EventDate "2006.10.08"]
[EventType "team"]
[EventRounds "7"]
[EventCountry "AUT"]
[Source "lmi"]
[SourceDate "2006.10.08"]

1. c4 e6 2. g3 d5 3. Bg2 Nf6 4. Nf3 dxc4 5. Qa4+ Bd7 6. Qxc4 Bc6 7. O-O Be7 8.
Nc3 a6 9. d3 O-O 10. Be3 b5 11. Qb3 b4 12. Nb1 Nbd7 13. Nbd2 Ng4 14. Nc4 Nb6
15. Bd2 Ba4 16. Nxb6 Bxb3 17. Nxa8 Bd5 0-1

[Event "European Club Cup 2006"]
[Site "Fuegen AUT"]
[Date "2006.10.08"]
[Round "1.62"]
[White "Ruck, Robert"]
[Black "Cobb, Charles"]
[Result "1/2-1/2"]
[WhiteElo "2526"]
[BlackElo "2410"]
[PlyCount "153"]
[EventDate "2006.10.08"]
[EventType "team"]
[EventRounds "7"]
[EventCountry "AUT"]
[Source "lmi"]
[SourceDate "2006.10.08"]

1. Nf3 d5 2. d4 Nf6 3. c4 e6 4. Nc3 Nbd7 5. Bf4 dxc4 6. e3 Nd5 7. Bxc4 Nxf4 8.
exf4 Bd6 9. g3 Nb6 10. Bd3 Nd5 11. Ne4 Bd7 12. O-O Bc6 13. Qe2 O-O 14. Rfd1 Nf6
15. Nc5 Qe7 16. Rac1 Bd5 17. a3 c6 18. Nd2 Rac8 19. Nf1 b6 20. Ne4 Rfd8 21.
Nxf6+ Qxf6 22. Ne3 Bf8 23. Ng4 Qe7 24. Ne5 g6 25. Be4 c5 26. dxc5 Rxc5 27. Rxc5
Qxc5 28. Bxd5 exd5 29. f5 Re8 30. fxg6 hxg6 31. b4 Qd6 32. f4 f6 33. Qb5 Qe6
34. Nd3 Qe3+ 35. Nf2 Kg7 36. Rxd5 Re7 37. Qd3 Qe1+ 38. Kg2 Re2 39. Rd7+ Be7 40.
Qf3 a5 41. f5 gxf5 42. Rb7 axb4 43. axb4 Kg6 44. h4 Qd2 45. h5+ Kg5 46. Rb8
Rxf2+ 47. Qxf2 Qxf2+ 48. Kxf2 Bxb4 49. Kf3 Bd6 50. Rxb6 Be5 51. Rb7 Kxh5 52.
Rg7 Kh6 53. Rg8 Kh7 54. Ra8 Kg6 55. Ke2 Kh6 56. Kf3 Kg6 57. Kg2 Kh6 58. Kh3 Kg6
59. Kh4 Kh6 60. Rg8 Kh7 61. Ra8 Kg6 62. Ra3 Kh6 63. Rd3 Kg6 64. Rf3 Ba1 65. Kh3
Be5 66. Rb3 Kg5 67. Rb5 Kg6 68. Kh4 Kh6 69. Kh3 Kg5 70. Rb4 Kg6 71. Kg2 Kg5 72.
Kf3 Kg6 73. Rh4 Kg5 74. Rh8 Kg6 75. Ke3 Kg7 76. Rh4 Bxg3 77. Ra4 1/2-1/2

[Event "European Club Cup 2006"]
[Site "Fuegen AUT"]
[Date "2006.10.08"]
[Round "1.63"]
[White "Cobb, James"]
[Black "Nijboer, Friso"]
[Result "0-1"]
[WhiteElo "2395"]
[BlackElo "2641"]
[PlyCount "96"]
[EventDate "2006.10.08"]
[EventType "team"]
[EventRounds "7"]
[EventCountry "AUT"]
[Source "lmi"]
[SourceDate "2006.10.08"]

1. d4 Nf6 2. Nf3 g6 3. Bg5 Bg7 4. Nbd2 O-O 5. c3 d6 6. e4 c5 7. dxc5 dxc5 8.
Bc4 Nc6 9. O-O Qc7 10. Qe2 Rd8 11. Rfe1 Nh5 12. Qe3 Na5 13. Bf1 Be6 14. e5 b6
15. h3 Bf8 16. Qe4 Ng7 17. Bh6 Bd5 18. Qf4 Nc6 19. Bc4 Bxc4 20. Qxc4 Ne6 21.
Bxf8 Kxf8 22. Qh4 Kg7 23. Ne4 Nxe5 24. Nxe5 Qxe5 25. Qxe7 Re8 26. Qh4 Qf4 27.
Qg3 Rad8 28. Re2 Qxg3 29. Nxg3 Rd7 30. Nf1 Red8 31. g3 Rd1 32. Re1 Rxa1 33.
Rxa1 f5 34. Kg2 Kf6 35. h4 Rd3 36. Re1 b5 37. Re3 Rd6 38. Kf3 c4 39. Ke2 Nc5
40. Nd2 Ra6 41. a3 Nd3 42. f4 Nxb2 43. Nf3 Rd6 44. Re5 Nd1 45. Ng5 Nxc3+ 46.
Kf3 h6 47. Nh7+ Kf7 48. h5 gxh5 0-1

[Event "European Club Cup 2006"]
[Site "Fuegen AUT"]
[Date "2006.10.08"]
[Round "1.64"]
[White "Goloshchapov, Alexander"]
[Black "Kett, Tim"]
[Result "1-0"]
[WhiteElo "2552"]
[BlackElo "2234"]
[PlyCount "85"]
[EventDate "2006.10.08"]
[EventType "team"]
[EventRounds "7"]
[EventCountry "AUT"]
[Source "lmi"]
[SourceDate "2006.10.08"]

1. d4 Nf6 2. c4 e6 3. Nc3 Bb4 4. Qc2 O-O 5. a3 Bxc3+ 6. Qxc3 b6 7. Bg5 Bb7 8.
f3 d5 9. e3 Nbd7 10. cxd5 exd5 11. Bd3 h6 12. Bh4 Re8 13. Ne2 c5 14. O-O Qe7
15. Bf2 c4 16. Bc2 b5 17. b4 Nb6 18. Ng3 g6 19. Rae1 Qf8 20. h3 h5 21. Ne2 Qh6
22. Qd2 Kg7 23. Nc3 Bc6 24. Qd1 a5 25. e4 axb4 26. axb4 h4 27. e5 Ng8 28. Be3
Qh5 29. Qd2 Na4 30. Ne2 c3 31. Qc1 Ne7 32. Bg5 Kg8 33. Qf4 Bd7 34. Bxh4 Bf5 35.
Bxa4 bxa4 36. Bxe7 Rxe7 37. g4 Qxh3 38. Rf2 a3 39. Rh2 Qxh2+ 40. Kxh2 a2 41.
gxf5 a1=Q 42. Rxa1 Rxa1 43. f6 1-0

[Event "European Club Cup 2006"]
[Site "Fuegen AUT"]
[Date "2006.10.08"]
[Round "1.65"]
[White "Spice, Alan"]
[Black "Dambacher, Martijn"]
[Result "1/2-1/2"]
[WhiteElo "2205"]
[BlackElo "2429"]
[PlyCount "106"]
[EventDate "2006.10.08"]
[EventType "team"]
[EventRounds "7"]
[EventCountry "AUT"]
[Source "lmi"]
[SourceDate "2006.10.08"]

1. Nc3 c5 2. Nf3 e6 3. e4 a6 4. d4 cxd4 5. Nxd4 b5 6. g3 Bb7 7. Bg2 Nf6 8. O-O
d6 9. Re1 Qc7 10. Qe2 Nc6 11. Nxc6 Bxc6 12. Nd5 Qb7 13. Nb4 e5 14. Bg5 Be7 15.
Rad1 O-O 16. c3 Rad8 17. Rd3 h6 18. Bxf6 Bxf6 19. Red1 Be7 20. Nd5 Bxd5 21.
Rxd5 Rc8 22. h4 Rc4 23. a3 Rfc8 24. Bh3 R8c7 25. Qe3 R4c6 26. Bf1 h5 27. Bd3 g6
28. Qe2 Rc5 29. Bb1 Rxd5 30. Rxd5 Qc8 31. Ba2 Qg4 32. Qd3 Kg7 33. Kh2 Qc8 34.
Bb1 Rc5 35. Kg2 Qc7 36. Ba2 Qc8 37. Rxc5 dxc5 38. Qd5 c4 39. Qxe5+ Bf6 40. Qd5
Qe6 41. Qxe6 fxe6 42. f4 e5 43. f5 g5 44. hxg5 Bxg5 45. b3 cxb3 46. Bxb3 Kf6
47. c4 bxc4 48. Bxc4 a5 49. a4 Bd2 50. Kf3 Kg5 51. Bf7 Be1 52. Be8 Bb4 53. Ke2
Bc3 1/2-1/2

[Event "European Club Cup 2006"]
[Site "Fuegen AUT"]
[Date "2006.10.08"]
[Round "1.69"]
[White "Gabriel, Christian"]
[Black "Christensen, Tobias"]
[Result "1-0"]
[WhiteElo "2540"]
[BlackElo "2349"]
[PlyCount "57"]
[EventDate "2006.10.08"]
[EventType "team"]
[EventRounds "7"]
[EventCountry "AUT"]
[Source "lmi"]
[SourceDate "2006.10.08"]

1. d4 g6 2. c4 Bg7 3. Nc3 d6 4. e4 Nd7 5. Nf3 e6 6. Be3 b6 7. Bd3 Bb7 8. Qd2 h6
9. h3 Ngf6 10. O-O-O e5 11. Bc2 exd4 12. Nxd4 Ne5 13. Qe2 O-O 14. f4 Ned7 15.
e5 Nh5 16. e6 Ng3 17. Qg4 Nxh1 18. Rxh1 Qe7 19. Nd5 Bxd5 20. cxd5 fxe6 21. dxe6
Rf6 22. Qf3 Re8 23. Nc6 Qxe6 24. Bb3 Kh7 25. Bxe6 Rfxe6 26. Bd4 d5 27. Bxg7
Kxg7 28. Qxd5 Rd6 29. Qf3 1-0

[Event "European Club Cup 2006"]
[Site "Fuegen AUT"]
[Date "2006.10.08"]
[Round "1.70"]
[White "Rasmussen, Casper"]
[Black "Jenni, Florian"]
[Result "0-1"]
[WhiteElo "2316"]
[BlackElo "2521"]
[PlyCount "88"]
[EventDate "2006.10.08"]
[EventType "team"]
[EventRounds "7"]
[EventCountry "AUT"]
[Source "lmi"]
[SourceDate "2006.10.08"]

1. d4 Nf6 2. Nf3 e6 3. c4 b6 4. a3 Ba6 5. Qc2 Bb7 6. Nc3 c5 7. dxc5 Bxc5 8. b4
Be7 9. e4 a5 10. b5 d6 11. Bd3 Nbd7 12. O-O Qc7 13. Re1 Ng4 14. Bf1 Nge5 15.
Nd2 g5 16. Bb2 g4 17. Rac1 h5 18. Na4 h4 19. Bd4 Bg5 20. Qb2 f6 21. Rc2 h3 22.
Qb3 hxg2 23. Bxg2 Kf7 24. Nf1 Nc5 25. Nxc5 dxc5 26. Bxe5 Qxe5 27. Rc3 Rad8 28.
Rd3 Bf4 29. Ng3 Rd4 30. Rxd4 cxd4 31. Qd1 Rg8 32. Qe2 Qg5 33. Rd1 Rd8 34. Rd3
Be5 35. Qd1 Rc8 36. Qc2 Qh6 37. Ne2 Qxh2+ 38. Kf1 f5 39. Nxd4 Bxe4 40. Bxe4
fxe4 41. Rd1 Bxd4 42. Rxd4 g3 43. Rd7+ Ke8 44. Rg7 Rxc4 0-1

[Event "European Club Cup 2006"]
[Site "Fuegen AUT"]
[Date "2006.10.08"]
[Round "1.71"]
[White "Vogt, Lothar"]
[Black "Pedersen, Finn"]
[Result "1-0"]
[WhiteElo "2479"]
[BlackElo "2317"]
[PlyCount "73"]
[EventDate "2006.10.08"]
[EventType "team"]
[EventRounds "7"]
[EventCountry "AUT"]
[Source "lmi"]
[SourceDate "2006.10.08"]

1. e4 c6 2. d4 d5 3. Nd2 dxe4 4. Nxe4 Nd7 5. Nf3 Ndf6 6. Ng3 Bg4 7. Be2 e6 8.
O-O Bd6 9. h3 Bxf3 10. Bxf3 Qc7 11. c4 Ne7 12. Ne4 Nxe4 13. Bxe4 Bh2+ 14. Kh1
Bf4 15. d5 O-O 16. dxe6 fxe6 17. Qg4 Rf6 18. Bxf4 Qxf4 19. Rad1 Qc7 20. Rd2 Nf5
21. Rfd1 Rf7 22. Bc2 Qe5 23. b4 Raf8 24. Re2 Qc3 25. c5 Nh6 26. Qe4 g6 27. Qxe6
Qxb4 28. Bxg6 hxg6 29. Qxg6+ Rg7 30. Qxh6 Qxc5 31. Qe6+ Kh8 32. Re5 Rg6 33.
Qxg6 Qxe5 34. Qh6+ Kg8 35. Rd3 Rf6 36. Rd8+ Kf7 37. Qh7+ 1-0

[Event "European Club Cup 2006"]
[Site "Fuegen AUT"]
[Date "2006.10.08"]
[Round "1.72"]
[White "Rewitz, Poul"]
[Black "Hug, Werner"]
[Result "0-1"]
[WhiteElo "2245"]
[BlackElo "2440"]
[PlyCount "116"]
[EventDate "2006.10.08"]
[EventType "team"]
[EventRounds "7"]
[EventCountry "AUT"]
[Source "lmi"]
[SourceDate "2006.10.08"]

1. e4 e6 2. d4 d5 3. Nc3 Bb4 4. Bd3 dxe4 5. Bxe4 Nf6 6. Bf3 c5 7. a3 Bxc3+ 8.
bxc3 Nc6 9. Ne2 e5 10. Bg5 exd4 11. cxd4 h6 12. Be3 O-O 13. O-O Bg4 14. dxc5
Bxf3 15. Qxd8 Raxd8 16. gxf3 Ne5 17. Kg2 Nc4 18. Rfb1 Rd7 19. Rb4 Nxe3+ 20.
fxe3 Rc8 21. Rab1 Rxc5 22. Rxb7 Rd2 23. Kf2 Rcxc2 24. Re1 Nd5 25. Rd7 Nc3 26.
Rxd2 Rxd2 27. Kf1 Nxe2 28. Rxe2 Rd3 29. a4 Ra3 30. Kf2 Rxa4 31. e4 a5 32. Rc2
Ra1 33. Rc7 a4 34. Ra7 g5 35. e5 a3 36. h3 a2 37. Kg2 Kf8 38. Kh2 Ke8 39. Kg2
Kd8 40. Kh2 Kc8 41. Kg2 Kb8 42. Ra3 Kb7 43. Ra4 Kc6 44. Ra5 Kb6 45. Ra8 Kc5 46.
Ra7 Kd5 47. Ra5+ Ke6 48. Kh2 Kf5 49. Kg2 Kf4 50. Ra4+ Kxe5 51. Ra5+ Kd4 52. Ra8
f5 53. Ra7 f4 54. Ra8 h5 55. Ra4+ Ke3 56. Ra3+ Ke2 57. Ra8 g4 58. hxg4 hxg4 0-1

[Event "European Club Cup 2006"]
[Site "Fuegen AUT"]
[Date "2006.10.08"]
[Round "1.73"]
[White "Gruenenwald, Joerg"]
[Black "Grand, Hans Henrik"]
[Result "1/2-1/2"]
[WhiteElo "2354"]
[BlackElo "2047"]
[PlyCount "75"]
[EventDate "2006.10.08"]
[EventType "team"]
[EventRounds "7"]
[EventCountry "AUT"]
[Source "lmi"]
[SourceDate "2006.10.08"]

1. d4 d5 2. c4 e6 3. Nf3 c6 4. Nbd2 f5 5. g3 Nf6 6. Bg2 Be7 7. O-O O-O 8. b3
Bd7 9. Bb2 Be8 10. Qc2 Bg6 11. Ne5 Nbd7 12. Nd3 Bd6 13. e3 Qe8 14. Nf3 h6 15.
b4 Bh7 16. a4 g5 17. Rad1 g4 18. Nfe5 Ne4 19. Qb3 Bxe5 20. dxe5 Nb6 21. cxd5
cxd5 22. b5 Nc4 23. Bc3 Rc8 24. Bb4 Rf7 25. h4 gxh3 26. Bxh3 Rg7 27. Kh2 Ng5
28. Bc3 Nxh3 29. Kxh3 Qh5+ 30. Kg2 Qe2 31. Bd4 Rxg3+ 32. Kxg3 Qg4+ 33. Kh2 Qh4+
34. Kg2 Rc7 35. Rg1 Rg7+ 36. Kf1 Qh3+ 37. Ke2 Qh5+ 38. Kf1 1/2-1/2